000 00334 a2200145 4500
001 181500
020 _a
040 _cMagnum
100 _aCapon, Jack J.
240 1 0 _aAtividades com pneus e para-quedas/v.5
_lpor
245 1 0 _aAtividades com pneus e para-quedas/v.5
362 0 _a1899
697 _aMAGNITO: GERAL
942 _cBK
999 _c181500
_d181500